000 00385nam a22001577a 4500
003 MPLRDC
005 20220104143515.0
008 210129b ||||| |||| 00| 0 eng d
082 _a690 YZJ v.2
100 _a杨子江主编
245 _a大哉中华. 二
_c
260 _a
_b新晨出版社有限公司
_c1979
300 _b
650 _a中国游记
942 _cBK
_o690 YZJ v.2
999 _c40575
_d40565